000 01294pam a2200313 a 4500
999 _c10022
_d10022
001 2522163
003 OSt
005 20191231130304.0
008 930201s1993 ii b 001 0 eng
010 _a 93006861
020 _a817036339X (India)
020 _a0803991134 (U.S.)
040 _aDLC
_coclc
_dDLC
050 0 0 _aHT395.I5
_bA98 1993
082 0 0 _a338.95487
_220
_bAZI/D
100 _aAziz, Abdul
_d1937-
_9963
245 1 0 _aDecentralised Planning :
_bThe Karnataka Experiment /
_cAbdul Aziz
246 3 0 _aKarnataka experiment
260 _aNew Delhi ;
_aNewbury Park, Calif. :
_bSage,
_c1993.
300 _a148 p
_c23 cm.
504 _aIncludes bibliographical references (p. 139-141)and index.
650 0 _aRegional planning
_zIndia
_zKarnataka.
651 0 _aKarnataka (India).
_xEconomic policy
_y1980-
856 4 2 _3Publisher description
_uhttp://www.loc.gov/catdir/enhancements/fy0657/93006861-d.html
856 4 1 _3Table of contents only
_uhttp://www.loc.gov/catdir/enhancements/fy0657/93006861-t.html
906 _a7
_bcbc
_corignew
_d1
_eocip
_f19
_gy-gencatlg
942 _2ddc
_cBK
_h338.95487
_iAZI/D
_k338.95487
_mAZI/D